<?xml version="1.0" encoding="UTF-8"?><?xml-stylesheet type="text/xsl" href="static/style.xsl"?><OAI-PMH xmlns="http://www.openarchives.org/OAI/2.0/" xmlns:xsi="http://www.w3.org/2001/XMLSchema-instance" xsi:schemaLocation="http://www.openarchives.org/OAI/2.0/ http://www.openarchives.org/OAI/2.0/OAI-PMH.xsd"><responseDate>2026-04-17T06:56:51Z</responseDate><request verb="GetRecord" identifier="oai:www.recercat.cat:2117/186458" metadataPrefix="marc">https://recercat.cat/oai/request</request><GetRecord><record><header><identifier>oai:recercat.cat:2117/186458</identifier><datestamp>2025-07-22T18:31:23Z</datestamp><setSpec>com_2072_1033</setSpec><setSpec>col_2072_452951</setSpec></header><metadata><record xmlns="http://www.loc.gov/MARC21/slim" xmlns:dcterms="http://purl.org/dc/terms/" xmlns:xsi="http://www.w3.org/2001/XMLSchema-instance" xmlns:doc="http://www.lyncode.com/xoai" xsi:schemaLocation="http://www.loc.gov/MARC21/slim http://www.loc.gov/standards/marcxml/schema/MARC21slim.xsd">
   <leader>00925njm 22002777a 4500</leader>
   <datafield ind2=" " ind1=" " tag="042">
      <subfield code="a">dc</subfield>
   </datafield>
   <datafield ind2=" " ind1=" " tag="720">
      <subfield code="a">Escolà Soldevila, Jordi</subfield>
      <subfield code="e">author</subfield>
   </datafield>
   <datafield ind2=" " ind1=" " tag="260">
      <subfield code="c">2018-04-20</subfield>
   </datafield>
   <datafield ind2=" " ind1=" " tag="520">
      <subfield code="a">To analyse its Feasibility some of the points to be developped are: Detailed description of the product External and internal analysis, as well as SWOT analisys: Market Trends,Estimating market size, competidors, App Marketplace analysis, Target Audience ‘needs’ analysis, App Development Industry Overview, Benckmarking comparing similar apps, sources needed, funding and investors, HHRR, knowledge, etc Target Market Financial Projections and Costing, Pricing Strategy Payment Options Sources of Income Sales Forecast Sales and marketing strategy</subfield>
   </datafield>
   <datafield ind2=" " ind1=" " tag="520">
      <subfield code="a">Mobile application development is the process by which application software is designed and developed to perform specific functions in handheld devices, such as smart phones / mobile phones, personal digital assistants, or enterprise digital assistants etc. Building an app is just like creating a start-up. The objective is to develop a  new app that offers limited promotions just available on the app (could be a weekly offer or limited number of units offer),as well as general offersbased on the customer's geographical current location.</subfield>
   </datafield>
   <datafield tag="653" ind2=" " ind1=" ">
      <subfield code="a">Àrees temàtiques de la UPC::Informàtica</subfield>
   </datafield>
   <datafield tag="653" ind2=" " ind1=" ">
      <subfield code="a">Mobile apps</subfield>
   </datafield>
   <datafield tag="653" ind2=" " ind1=" ">
      <subfield code="a">Business -- Data processing</subfield>
   </datafield>
   <datafield tag="653" ind2=" " ind1=" ">
      <subfield code="a">Aplicacions mòbils</subfield>
   </datafield>
   <datafield tag="653" ind2=" " ind1=" ">
      <subfield code="a">Negocis -- Informàtica</subfield>
   </datafield>
   <datafield ind2="0" ind1="0" tag="245">
      <subfield code="a">Mobile app: business plan</subfield>
   </datafield>
</record></metadata></record></GetRecord></OAI-PMH>